Φειδιακή γλυπτική και μεταγενέστερες απηχήσεις : διπλωματική εργασία [πτυχιακή εργασία]

Αποθηκεύτηκε σε:
Λεπτομέρειες βιβλιογραφικής εγγραφής
Κύριος συγγραφέας: Κωνσταντινίδη, Κωστούλα
Συγγραφή απο Οργανισμό/Αρχή: Πανεπιστήμιο Αιγαίου Σχολή Ανθρωπιστικών Επιστημών Τμήμα Μεσογειακών Σπουδών
Μορφή: Thesis Βιβλίο
Γλώσσα:Greek
Δημοσίευση: 2017.
Θέματα:
Διαθέσιμο Online:http://hdl.handle.net/11610/18442
Ετικέτες: Προσθήκη ετικέτας
Δεν υπάρχουν, Καταχωρήστε ετικέτα πρώτοι!

MARC

LEADER 00000cam a2200000 a 4500
001 1/114573
008 170731s2017####gr | ||| |||| ||gre||
040 |a GR-MyUa  |b gre  |c GR-MyUa  |e AACR2 
041 0 |a gre 
082 7 |a 730.92   |2 (23) 
100 1 |a Κωνσταντινίδη, Κωστούλα. 
245 1 0 |a Φειδιακή γλυπτική και μεταγενέστερες απηχήσεις :   |b διπλωματική εργασία [πτυχιακή εργασία] /   |c Κωνσταντινίδη Κωστούλα ; επιβλέπων καθηγητής: Στεφανάκης Εμμανουήλ.  
260 |c 2017.  
300 |a 53 σ. :   |b εικ. ;   |c 30 εκ.  
500 |a Υπάρχει ψηφιακό αντίγραφο.  
502 |a Πτυχιακή εργασία – Πανεπιστήμιο Αιγαίου, Ρόδος, 2017. 
504 |a Βιβλιογραφία: σ. 52-53.  
506 1 |a Πλήρες κείμενο - Ενδοπανεπιστημιακή δημοσίευση - Κλειδωμένη η δυνατότητα αντιγραφής.  
610 2 0 |a Parthenon (Athens, Greece) 
650 0 |a Sculptors  |z Greece  |x History and criticism. 
650 0 |a Sculpture, Greek. 
650 0 |a Classicism in art  |z Greece. 
650 0 |a Sculpture, Ancient  |z Greece. 
650 0 |a Architecture  |z Greece  |z Athens. 
700 1 |a Στεφανάκης, Εμμανουήλ Ι.  |e dgs 
710 2 |a Πανεπιστήμιο Αιγαίου  |b Σχολή Ανθρωπιστικών Επιστημών  |b Τμήμα Μεσογειακών Σπουδών. 
852 |a INST  |b RHODES  |c DIATR  |e 20170731  |h 730.92 ΚΩΝ  |p 005400039462  |q 005400039462  |t DIE  |y 23 
856 |u http://hdl.handle.net/11610/18442 
924 |a Κωνσταντινίδη   |b Κωστούλα   |y Ρόδος  |z 2017-06  
970 |z 31-07-2017